000 00598nam a2200145Ia 4500
008 100122s9999 xx 000 0 und d
082 _b56500
_a954.01
100 _aआठवले सदाशिव
245 _aविजयनगरचा सम्राट कृष्णदेवराय
260 _bश्रीविद्या प्रकाशन
_c1999
300 _a194
630 _aविजयनगरचा सम्राट कृष्णदेवराय
730 _aविजयनगरचा सम्राट कृष्णदेवराय
942 _cBOOK
999 _c432910
_d432907